| 000 | 004360000a22001690004500 | ||
|---|---|---|---|
| 003 | MACL | ||
| 005 | 20151230153834.0 | ||
| 008 | 151230b xxu||||| |||| 00| 0 eng d | ||
| 040 |
_aMACL _cMACL |
||
| 041 | _aEnglish | ||
| 082 | _a220/WIE | ||
| 100 |
_aWieseler, Karl _925120 |
||
| 245 | _aA Chronological Synopsis of The Four Gospels | ||
| 260 |
_bGeorge Bell and Sons _c1877 |
||
| 650 |
_aReligion _925121 |
||
| 942 |
_cBK _k220/WIE _2ddc |
||
| 999 |
_c37361 _d37361 |
||